| 000 -LEADER |
| fixed length control field |
01647nam a2200181 4500 |
| 008 - FIXED-LENGTH DATA ELEMENTS--GENERAL INFORMATION |
| fixed length control field |
190516b ||||| |||| 00| 0 eng d |
| 100 ## - MAIN ENTRY--PERSONAL NAME |
| Personal name |
Dodge, Alexa |
| 245 ## - TITLE STATEMENT |
| Title |
Online sexual violence, child pornography or something else entirely? police responses to non-consensual intimate image sharing among youth |
| 260 ## - PUBLICATION, DISTRIBUTION, ETC. (IMPRINT) |
| Date of publication, distribution, etc |
2018 |
| 300 ## - PHYSICAL DESCRIPTION |
| Extent |
p.636-657. |
| 520 ## - SUMMARY, ETC. |
| Summary, etc |
Due to child pornography laws, non-consensual intimate image sharing among youth is subjected to complex legal landscapes in a variety of jurisdictions such as Canada, the United States, the United Kingdom, and Australia. While a growing number of scholars have problematized the use of child pornography charges to respond to these cases, there remains little understanding regarding how the police that enforce these laws conceptualize this issue and how this influences responses to these cases. Drawing from interviews with members of sex crime–related units in police service organizations from across Canada, this article examines how police conceptions of non-consensual intimate image sharing among youth correspond with and/or diverge from legal and critical understandings of this issue. While it is widely understood that online and digitally enabled forms of sexual violence pose unique challenges for police, our research fills a gap in the literature by examining how police themselves understand and respond to these challenges. - Reproduced. |
| 650 ## - SUBJECT ADDED ENTRY--TOPICAL TERM |
| Topical term or geographic name as entry element |
Sexual violence |
| 9 (RLIN) |
5696 |
| 650 ## - SUBJECT ADDED ENTRY--TOPICAL TERM |
| Topical term or geographic name as entry element |
Online sexual violence |
| 9 (RLIN) |
5697 |
| 700 ## - ADDED ENTRY--PERSONAL NAME |
| Personal name |
Spencer, Dale C. |
| 9 (RLIN) |
5698 |
| 773 ## - HOST ITEM ENTRY |
| Main entry heading |
Social and Legal Studies |
| 906 ## - LOCAL DATA ELEMENT F, LDF (RLIN) |
| Subject DIP |
Child pornography |
| 942 ## - ADDED ENTRY ELEMENTS (KOHA) |
| Source of classification or shelving scheme |
|
| Item type |
Articles |